[Event "Corus A"]
[Site "Wijk aan Zee NED"]
[Date "2006.01.25"]
[Round "10"]
[White "Topalov, Veselin"]
[Black "Aronian, Levon"]
[Result "1-0"]
[WhiteElo "2801"]
[BlackElo "2752"]
[Annotator "Martin, A"]
[PlyCount "87"]
[EventDate "2006.01.14"]
[Source "EDAMI"]
[SourceDate "2006.12.20"]

1. d4 {Esta fue la única partida en que Topalov no abrió con el Peón de Rey en
Wijk aan Zee, pero dos rondas antes había tenido problemas para conseguir
alguna ventaja frente a la Defensa Petrov de Gelfand y tal vez no deseaba
repetir la experiencia.} Nf6 2. c4 e6 3. Nf3 b6 4. g3 Ba6 5. b3 Bb4+ 6. Bd2 Be7
{Actualmente esta variante ha adquirido mucha popularidad} 7. Bg2 c6 {
Así le jugaron a Topalov en tres ocasiones en el Mundial de San Luis, y en las
tres sus adversarios (Anand, Leko y Polgar) consiguieron el empate. No es raro
que Aronian decida repetir suerte.} 8. Bc3 d5 9. Ne5 ({La continuación
considerada más fuerte. De ese modo continuó Topalov en San Luis frente a
Anand y Leko. Sólo en la ronda 14, frente a Judit, prefirió la alternativa} 9.
Nbd2 {pero era la última ronda y Veselin ya se había proclamado campeón
mundial, por lo que sus ganas de lucha no eran demasiado grandes.}) 9... Nfd7 (
{Aronian sigue la línea principal, que fue también la elección de Anand. En
cambio Leko prefirió} 9... O-O 10. O-O Bb7 11. Nd2 Na6 12. e4 Rc8 13. Re1 Rc7
14. Nd3 dxe4 15. Nxe4 c5 {y consiguió una cómoda igualdad tras 16.Nxf6+ Bxf6
17.Bxb7 Rxb7 18.Ne5 Bxe5 19.dxe5 Rd7. Sin embargo, en la reciente Copa del
Mundo, Bacrot frente a Grischuk aportó la mejora} 16. d5 $5 exd5 17. Nxf6+ Bxf6
18. Bxf6 Qxf6 19. cxd5 g6 20. Qg4 Rd8 21. Rad1 {
consiguiendo una posición favorable.}) 10. Nxd7 Nxd7 11. Nd2 O-O 12. O-O Nf6 {
La jugada de Aronian es también sobradamente conocida.} ({
Anand, en la partida mencionada, jugó} 12... Rc8 13. e4 c5 14. exd5 exd5 15.
dxc5 dxc4 16. c6 cxb3 {La partida puede verse en PDR 48 pag. 11.}) 13. e4 b5
14. exd5 ({Una continuación introducida en la práctica magistral por Kramnik,
quien la empleó frente a Leko en Dortmund 2004 y rápidamente ha alcanzado
popularidad, desplazando a} 14. Re1 dxe4 15. Qc2) 14... exd5 15. Re1 Rb8 16. c5
Bc8 17. Nf3 Ne4 18. Rxe4 $1 ({Una fuerte novedad, indudablemente preparada por
Topalov, que cambia notablemente el carácter de la variante. Lo conocido hasta
ahora no creaba ningún problema a las negras} 18. Ne5 Nxc3 19. Qd3 Qc7 20. Qxc3
Re8 {Kramnik-Leko. Dortmund 2004.}) 18... dxe4 19. Ne5 Qd5 (19... Qc7 20. Bxe4
Bb7 21. Qf3 Rbc8 22. a4 {es claramente favorable a las blancas.}) 20. Qe1 Bf5 (
{Forzado, porque después de} 20... f5 {resulta muy fuerte} 21. f3 $1) 21. g4 ({
Una sutileza que obliga a la retirada del alfil a g5, apartándole de la
defensa de la casilla d7 y quita fuerza a la reacción ...f6, pues el caballo
podría capturar en g6. Ladirecta} 21. f3 {podría responderse con} e3 22. Qxe3 (
{ahora} 22. g4 {se responde con} f6) 22... f6 23. Nxc6 Qxc6 24. Qxe7 Rf7 25.
Qe3 Re8 {y las negras se activan.}) 21... Bg6 22. f3 b4 ({
Fritz sugiere el contrasacrificio} 22... Bxc5 23. dxc5 Qxc5+ 24. Kh1 b4 25. Bb2
Qc2 {que es una posibilidad que merece un estudio más detenido con vistas a
rehabilitar la variante. Con la continuación de la partida, la compensación
blanca por la calidad es evidente.}) 23. fxe4 Qe6 24. Bb2 ({Después de} 24.
Bxb4 $6 Bf6 {sería fuerte, ya que la continuación de la partida} 25. Nxc6 Qxc6
26. e5 {falla por} Qb5) 24... Bf6 ({Tras esto el juego adquiere un carácter
forzado, pero las complicaciones resultan favorables a las blancas. Merecía
atención} 24... Rfe8 25. Qf2 Rbd8 {
pues las blancas no pueden preparar d4-d5 con} 26. Rd1 $2 {debido a} Qxe5) 25.
Nxc6 $1 Qxc6 26. e5 Qa6 ({Una posible mejora es} 26... Qb5 $5 {
pues si las blancas juegan de modo similar a la partida} 27. exf6 Rfe8 28. Qf1
{las negras pueden jugar 28...Re2 gracias a que su dama está defendida.} ({
Pero tras} 28. Qg3 {es dificil sugerir nada satisfactorio para el negro, pues}
Qe2 29. Qf2 {transpone a la misma posición que la partida.})) 27. exf6 Rfe8 ({A
} 27... Qxf6 {seguiría} 28. Qf2 {preparando d5, pues, al igual que ocurre en
la partida, tras el cambio de damas los peones pasados blancos resultan
imparables.}) 28. Qf1 Qe2 ({El intento de activar el alfil con} 28... Bd3 {
falla por} 29. Qf4 {con peligrosas amenazas, pues si} Qxf6 30. Qxf6 gxf6 31. d5
{y no resulta suficiente} Re2 32. Bxf6 Rxg2+ 33. Kxg2 Be4+ 34. Kg3 Bxd5 35. Rd1
{y a pesar de los alfiles de diferente color, el peón pasado blanco y sobre
todo la diferencia de actividad de las piezas blancas, hacen la victoria
blanca cuestión de técnica.}) 29. Qf2 Qxg4 30. h3 Qg5 (30... Qh5 {no es mejor,
ya que las blancas pueden contrarrestar la amenaza ...Re2 con la simple} 31.
Re1 {y no es posible evitar d5.}) 31. Bc1 Qh5 ({Después de} 31... Qxf6 32. Qxf6
gxf6 33. Bf4 Rbd8 34. d5 {los peones avanzan sin impedimentos, por ejemplo} Be4
35. d6 Bxg2 36. Kxg2 Re2+ 37. Kf3 Rc2 38. Rc1 Rxc1 39. Bxc1 Kf8 40. Bf4) 32.
Bf4 Rbd8 33. c6 Be4 ({Después de} 33... Re2 {
la simple 34.Qf3 es ganadora, aunque} 34. c7 Rde8 35. Qg3 {
también debe ser suficiente.}) 34. c7 Rc8 35. Re1 Qg6 36. Rxe4 $1 {Otro sacrifi
cio de calidad, curiosamente en la misma casilla, que pone fin a la lucha,
pues las torres negras serán impotentes frente a los peones blancos apoyados
por sus alfiles.} Rxe4 37. d5 Rce8 ({Ya no hay solución. Si} 37... Ree8 38. d6
Qb1+ 39. Kh2 Qf5 40. Qg3 {como en la partida.}) 38. d6 Re1+ 39. Kh2 Qf5 40. Qg3
g6 41. Qg5 {
Forzando el cambio de damas, con lo cual termina la resistencia negra.} Qxg5
42. Bxg5 Rd1 43. Bc6 Re2+ 44. Kg3 1-0

[Event "Corus A"]
[Site "Wijk aan Zee NED"]
[Date "2006.01.28"]
[Round "12"]
[White "Topalov, Veselin"]
[Black "Anand, Viswanathan"]
[Result "1/2-1/2"]
[WhiteElo "2801"]
[BlackElo "2792"]
[Annotator "Martin, A"]
[PlyCount "45"]
[EventDate "2006.01.14"]
[Source "EDAMI"]
[SourceDate "2006.12.20"]

{Esta partida, aunque bastante corta, tiene no obstante cosas interesantes y
es importante desde el punto de vista teórico. Se jugó en la penúltima ronda,
cuando Topalov aventajaba a Anand en medio punto y el resto de los jugadores
estaban a considerable distancia. El gran maestro indio tenía por tanto que
intentar ganar, con vistas a ocupar el primer puesto, aunque unas tablas
tampoco serían mal resultado, pues en la última ronda Anand se enfrentaría con
blancas frente a Gelfand, mientras que Topalov jugaría con negras contra Leko,
que aunque no estaba realizando un buen torneo, resulta siempre difícil de
batir y por tanto existían posibilidades reales de alcanzar al búlgaro, como
finalmente ocurrió.} 1. e4 e5 2. Nf3 Nc6 {Imagino que sería una relativa
sorpresa para Veselin, puesto que Anand suele preferir la Defensa Petrov, pero
el jugador indio traía preparada una interesante idea y además la situación en
el torneo le impulsaban a buscar situaciones más agudas.} 3. Bb5 a6 4. Ba4 Nf6
5. O-O b5 6. Bb3 Bc5 {Esta variante estuvo muy de moda hace unos diez años,
impulsada principalmente por Shirov y Topalov, pero en la actualidad ha
perdido popularidad.} 7. a4 Rb8 8. c3 O-O ({
El propio Topalov, jugando con negras, ha preferido en diversas ocasiones} 8...
d6 9. d3 O-O (9... Bg4 10. Nbd2 O-O 11. h3 Bd7 $146 12. Re1 $14 Bb6 13. Nf1 Ne7
14. Ng3 Ng6 15. d4 {
otorgó cierta ventaja a las blancas. Adams,M-Topalov,V. Dortmund 2001.}) 10.
Nbd2 Bb6 11. h3 Ne7 12. Re1 Ng6 13. Nf1 h6 14. Ng3 Re8 15. d4 Bb7 16. Bc2 d5
17. Nxe5 Nxe5 18. dxe5 Nxe4 19. Nxe4 dxe4 20. Qh5 g6 21. Qxh6 Rxe5 22. Be3 Qf6
{con igualdad. Leko,P-Topalov,V. Monte Carlo 2004.}) 9. d4 Bb6 10. axb5 axb5
11. dxe5 Ng4 (11... Nxe4 12. Bd5 Nc5 13. b4 Ne6 14. Qd3 {
es poco prometedor para las negras.}) 12. Na3 (12. Bf4 {
no crea demasiados problemas a las negras después de} Qe8 ({
también es interesante} 12... Qe7 {como jugó Kamsky contra Smirin en la
reciente Copa del Mundo dispuitada en Khanty Mansyisk.}) 13. Nd4 Ngxe5 14. Nxb5
d6 15. Ba4 Bg4 16. Qc2 f5 17. Nd2 Qg6 {con mejor juego de las negras, aunque
la partida terminó en tablas. Svidler,P-Khalifman,A. Cto. de Rusia Moscú 2005.}
) 12... Ncxe5 ({Novedad, aunque la idea sólo aparece clara después de la
siguiente jugada. Una semana antes, en la ronda 7 de este torneo, se había
jugado} 12... Qe8 13. Nd4 Ngxe5 14. Naxb5 d6 15. Ba4 Bd7 16. b3 Ne7 17. Kh1 {
con idea de f4 y las blancas quedaron mejor, ganando posteriormente. Topalov,
V-Sokolov,I. Wijk aan Zee 2006.}) 13. h3 d6 $5 ({Esta es la idea oculta que
traía preparada Anand, pues la jugó instantáneamente. En realidad es la única
forma de hacer jugable la variante, pues} 13... Nxf3+ 14. Qxf3 Ne5 15. Qg3 d6
16. Nxb5 Bxf2+ 17. Rxf2 Rxb5 18. Bg5 {
es muy favorable a las blancas, por ejemplo} Nf3+ (18... Qe8 19. Ba4) 19. Qxf3
Rxg5 20. Bxf7+ Kh8 21. Qe3) 14. Qe2 ({Cogido por sorpresa y tras larga
reflexión, Topalov decide adoptar la continuación más segura, aunque con ello
renuncia a toda ventaja en la apertura. Hubiera sido muy peligroso entrar en
la preparación de Anand, especialmente teniendo en cuenta que el jugador indio
no suele jugar "de farol", mediante} 14. hxg4 Bxg4 {Las siguientes variantes
demuestran que las negras tienen suficiente compensación por la pieza y al
menos las tablas aseguradas:} 15. Nc2 Bxf3 16. gxf3 Qf6 17. Ne1 (17. f4 Qg6+ {
también lleva a tablas.}) ({mientras que} 17. Kh2 {
parece el único intento para jugar a ganar, aunque es peligroso por la simple}
Rfe8 18. Ne1 Qh4+ 19. Kg2 Nc4 {con la amenaza ...Re6.}) 17... Qg6+ 18. Kh2 Qh5+
19. Kg1 Qg6+ {pues falla} 20. Ng2 $4 {debido a} Qg3 {y las negras ganan.})
14... Nxf3+ 15. Qxf3 Ne5 16. Qg3 {Ahora, en comparación con el comentario de
la jugada 13, las negras tienen un tiempo de ventaja y con su siguiente jugada
resuelven todos sus problemas. Las simplificaciones que siguen llevan la
partida a una vía muerta, lo cual puede ser decepcionante para los
espectadores, pero es lo que la posición da de sí.} Be6 17. Bxe6 fxe6 18. Nxb5
Rxf2 19. Rxf2 Bxf2+ 20. Qxf2 Rxb5 21. Qe2 Rb8 22. Bf4 Qf6 23. Rf1 {
y se acordó el empate.} 1/2-1/2

[Event "Corus A"]
[Site "Wijk aan Zee NED"]
[Date "2006.01.29"]
[Round "13"]
[White "Anand, Viswanathan"]
[Black "Gelfand, Boris"]
[Result "1-0"]
[WhiteElo "2792"]
[BlackElo "2723"]
[Annotator "Rahal, M"]
[PlyCount "131"]
[EventDate "2006.01.14"]
[Source "EDAMI"]
[SourceDate "2006.12.20"]

{La siguiente partida fue clave en la victoria - conjunta - del indio Vishy
Anand en el torneo de Corus. Dado que en la última ronda partía con medio
punto de desventaja con respecto a Topalov, sólo le valía la victoria para
atrapar al campeón del mundo. Frente a el, un duro rival, el israelí Boris
Gelfand, especialista como ninguno en la aguda Variante Najdorf de la
Siciliana.} 1. e4 c5 2. Nf3 d6 3. d4 cxd4 4. Nxd4 Nf6 5. Nc3 a6 6. f3 e5 7. Nb3
Be6 8. Be3 Nbd7 9. Qd2 b5 10. O-O-O Nb6 11. Qf2 Nc4 12. Bxc4 bxc4 13. Na5 $1 {
La variante de moda desde que Viorel Bologan "colocara" esta fuerte novedad en
el Campeonato de España por Equipos en Merida (Septiembre 2005), precisamente
frente a Gelfand. Tuve ocasión de ver en directo esta partida, ya que Bologan
juega en mi equipo, y recuerdo que Gelfand pensó más de media hora antes de
contestar. El caballo no se puede capturar por 14.Bb6 cazando la dama y entre
las varias ideas de la jugada están atacar el peón de c4, preparar Bb6 en
algunas variantes y según como saltar a c6 o b7.} ({
Anteriormente la jugada más común en esta línea era} 13. Nc5 {pero tras} Be7 {
las blancas no han podidio demostrar ninguna ventaja importante. Hay que tener
en cuenta el posible contrajuego de las negras a lo largo de la columna-b.})
13... Qd7 {Controlando las casillas b7 y c6, pero sin apartar la dama de la
columna "d". No es la única jugada en esta posición. Veamos las alternativas:}
({La partida original siguió} 13... Nd7 {y Bologan puso en practica una de las
ideas de su novedad: trasladar el caballo a d5.} 14. Nc6 Qc7 15. Nb4 Qb7 16.
Nbd5 Rb8 17. b3 cxb3 18. cxb3 Be7 19. Kb2 Bd8 20. Rd3 O-O 21. g4 {con clara ven
taja de las blancas aunque la partida acabó en tablas. Bologan,V-Gelfand,B/
Merida 2005/CBM 109 (56)}) ({Alternativamente también se ha jugado} 13... Rc8 {
defendiendo el peón c4 y controlando c6. Entonces el propio Anand empleó} 14.
Bb6 Qd7 15. g3 g6 16. Rd2 Bh6 17. f4 Ng4 18. Qf3 Rb8 19. h3 Nf6 20. Bc5 $1 exf4
21. gxf4 Rc8 22. Bxd6 {con ventaja decisiva 1-0 Anand,V-Kasimdzhanov,R/San
Luis 2005/CBM 110 no vc (29)}) 14. Rd2 {Al no estar atacado el caballo, Anand
prepara el doblaje de torres en la columna "d".} ({En el mismo torneo, pero en
el Grupo B, se jugó la misma posición entre el segundo de Topalov, Ivan
Cheparinov, y la joven ucraniana Lahno. La blancas eligieron otra idea.} 14. g4
Be7 15. g5 Nh5 16. Nd5 Qa4 17. Nc3 Qd7 18. Nd5 Qa4 19. Qe1 c3 20. Qxc3 Rc8 21.
Qd2 Qxa2 22. Qb4 Bxd5 23. exd5 O-O {con muchas complicaciones. 1-0 Cheparinov,
I-Lahno,K/Wijk aan Zee NED 2006/The Week in Chess 586 (39)}) 14... Be7 15. Rhd1
Rb8 $2 {Esta jugada es bastante desafortunada. Como veremos después la mala
posición de la torre en b8 permite un golpe táctico, que Anand ya tenía
previsto en sus análisis caseros.} ({La jugada crítica es} 15... O-O {
y habrá que esperar futuras partidas con esta variante pare ver si las negras
pueden aguantar la presión.}) 16. Bc5 $1 {#Anand consigue colocar su idea,
aunque reconoció tras la finalización de la partida que el final que se
produce no era nada fácil de ganar.} Qc7 {Parece que el ataque al caballo
salva a las negras pero Anand tiene una jugada prevista.} 17. Rxd6 $1 Qxa5 (
17... Bxd6 18. Bxd6 Qxa5 19. Bxb8 $18) 18. Rxe6 $1 fxe6 19. Bxe7 Rb7 ({
Lamentablemente falla} 19... Kxe7 {por} 20. Qa7+ {
ganando la torre y la partida.}) 20. Bd6 $14 {Esta es la posición que había
analizado Anand en su casa. Las blancas tienen un alfil y un peón por la
calidad. Además, su rey está mejor protegido, y la estructura de peones de las
negras está deteriorada. Diríamos que la partida está entre ligera y clara
ventaja de las blancas.} ({Peor es} 20. Rd8+ Kxe7 (20... Qxd8 $2 21. Bxd8 Kxd8
22. Qc5 Kd7 23. Qxc4 $18) 21. Rxh8 Qb4 $1 22. Kd2 (22. Nd1 c3 $1) 22... Rd7+
23. Kc1 Rb7 {y tablas por repetición de jugadas}) 20... Nd7 21. Qh4 {
Amenazando mate en e7.} Qd8 22. Qh5+ ({Las blancas podían ganar otro peón con} 
22. Qxd8+ Kxd8 23. Bxe5 {aprovechando la clavada en la columna "d" pero
seguramente Anand entiende que la mala posición del rey negro permite jugar al
ataque.}) 22... g6 23. Qh6 {Ahora, además de todos los problemas anteriores,
las negras deben vigilar las debilidades en las casillas negras.} Qf6 24. Ne2
Kf7 25. h4 $1 {Con varias ideas, entre ellas Ng1-h3-g5.} g5 $6 (25... Qg7 {
quizás habría sido mejor.}) 26. hxg5 Qxh6 27. gxh6 $16 {Finalmente Gelfand ha
cambiado las damas pero a costa de otro peón. Sin embargo al no existir de
momento peones pasados para las blancas la realización técnica de la ventaja
es difícil. De momento Anand va mejorando la colocación de sus piezas e
incorpora su rey a la partida.} Rg8 28. g4 Rg6 29. Rh1 Rb6 30. Ba3 Rf6 31. Rh3
Kg6 32. Kd2 {Anand ha defendido sus dos debilidades (b2 y f3) y ahora traslada
su rey a la casilla e3 para defender el peón de f3, y de esta manera liberar a
la torre para otras funciones. También el caballo de e3 necesita un nuevo
destino, ya que de  momento no participa activamente en la lucha.} Rf7 33. Ke3
Nf6 34. Nc3 Rd7 35. Rh1 Rc6 36. Na4 Rb7 37. Nc3 Rb8 38. Nd1 {Parece que el
plan de las blancas puede ser c3, Ke2 y Ne3 pero no se acaba de ver como
progresar después. Sin embargo la siguiente jugada de Gelfand, en su afán por
simplificar, le facilita la tarea a Anand. #} Ng8 $2 39. Rh5 $1 {El cambio del
peón h6 por el de e5 es beneficioso para las blancas, ya que podrá mobilizar
su mayoría de peones, o bien ocupar d5 con su caballo en caso de que las
negras jueguen e6-e5, como occure en la partida.} Nxh6 40. Rxe5 Nf7 41. Rh5 Rb5
42. Rh1 {Evidentemente no interesa cambiar la torre y mejorar la estructura
negra. Ahora las blancas quieren avanzar sus peones, empezando con f4. Gelfand
evita esta idea, pero a cambio de debilitar la casilla d5.} e5 $6 43. Nc3 Rb7
44. Nd5 Re6 45. Bb4 $1 Kg7 46. Rh2 Ng5 47. Bc3 {Queda claro que las blancas
han mejorado su posición. La siguiente fase es proteger el peón de f3, y luego
jugar Ke2 y Ne3 atacando el peón de c4 y el jaque en f5.} Kg8 48. Rf2 Rf7 49.
Rf1 Re8 50. Ke2 Ref8 $5 {Otra momento crítico: Gelfand acepta un intercambio
de peones que parece bueno para las blancas, pero la política de espera
chocaba con la maniobra Ne3-f5.} 51. Bxe5 Nxe4 ({En caso de} 51... Rxf3 {
las blancas pueden elegir entre} 52. Rxf3 ({También gana} 52. Nf6+ R8xf6 53.
Bxf6 Rxf1 54. Kxf1 Nxe4 55. Bd4 {con un final muy bueno}) 52... Nxf3 (52...
Rxf3 53. Bf6 $1 {ganando}) 53. Nf6+ Rxf6 54. Bxf6 $18) ({Por su parte} 51...
Nxf3 52. Nf6+ $1 Rxf6 53. Bxf6 Rxf6 54. Rxf3 Rg6 55. Rf4 {
también gana fácilmente}) 52. Ke3 Nc5 ({
Tampoco ofrecía muchas posibilidades de salvar la partida} 52... Nd2 $5 {
pero tal vez era un poco mejor que la textual} 53. Rf2 (53. Kxd2 Rd8 54. Kc3
Rxd5 55. Bd4 $16) 53... Nxf3 54. Nf6+ Rxf6 55. Bxf6 Rxf6 56. Rxf3 $16) 53. f4
$18 {
Con dos peones por la calidad y piezas más activas la partida está decidida.}
Re8 54. Kd4 Nd7 55. Re1 Re6 56. Re2 Nxe5 57. fxe5 Rg7 58. Nf6+ Kf7 (58... Rxf6
59. exf6 Rxg4+ 60. Ke5 Kf7 61. Kf5 Rg1 62. Re7+ $18) 59. Kxc4 Rg5 60. Kd4 Rb6
61. c4 $1 Ke6 62. b3 Rb8 63. Re4 h6 64. Nd5 Rbg8 65. Nf4+ Ke7 66. e6 {
Las negras abandonaron en vista de 66...Rxg4 67.Nd5+ y las blancas ganan en
todas las variantes como podrá comprobar fácilmente el lector. Una gran
partida técnica de Anand.} 1-0